Normal view
MARC view
Entry Personal Name
001 - CONTROL NUMBER
- control field: 29147
003 - CONTROL NUMBER IDENTIFIER
- control field: dpl
005 - DATE AND TIME OF LATEST TRANSACTION
- control field: 20110704110609.0
008 - FIXED-LENGTH DATA ELEMENTS
- fixed length control field: 110704|||a|||||| | ||| d
040 ## - CATALOGING SOURCE
- Original cataloging agency: dpl
- Transcribing agency: dpl
100 ## - HEADING--PERSONAL NAME
- Personal name: Roy,Supriya
670 ## - SOURCE DATA FOUND
- Source citation: Work cat.: (dpl): 29042 Tagore,Rabindranath, Letters from java :, 2010
670 ## - SOURCE DATA FOUND
- Source citation: Work cat.: (dpl): 29042 Tagore,Rabindranath, Letters from java :, 2010
